| LEADER | 00817nam a2200205 4500 | ||
|---|---|---|---|
| 082 | |a 895.922130092 |b N550v | ||
| 100 | |a Mai Hương | ||
| 245 | |a Nữ văn sĩ Việt Nam đầu thế kỷ 20 |c Mai Hương biện soạn và tuyển chọn | ||
| 260 | |a H. |b Phụ nữ |c 1997 | ||
| 300 | |a 251 tr. |c 19 cm | ||
| 520 | |a v.v... | ||
| 653 | |a Văn học hiện đại | ||
| 653 | |a Thế kỷ 20 | ||
| 653 | |a Thơ | ||
| 653 | |a Tiểu sử | ||
| 653 | |a Nhà thơ | ||
| 942 | |2 ddc |c STK0 | ||
| 999 | |c 2417 |d 2417 | ||
| 952 | |0 0 |1 0 |2 ddc |4 0 |6 895_922130092000000_N550V |7 1 |8 800 |9 31443 |a qbu |b qbu |c D5 |d 2014-12-13 |g 11000 |o 895.922130092 N550v |p 3721.c1 |r 0000-00-00 |w 2014-12-13 |y STK0 | ||
| 952 | |0 0 |1 0 |2 ddc |4 0 |6 895_922130092000000_N550V |7 0 |8 800 |9 31444 |a qbu |b qbu |c D5 |d 2014-12-13 |g 11000 |o 895.922130092 N550v |p 3721.c2 |r 0000-00-00 |w 2014-12-13 |y STK0 | ||